Every Wrestler to hold a Title in WWE, AEW, and ROH - Statistics

General Stats
  • This quiz has been taken 145 times
  • The average score is 25 of 65
Answer Stats
Championships Answer % Correct
AEW World Champion, ROH World Championship, Undisputed WWF Championship, World Heavyweight Championship, WCW Championship, WWE Intercontinental Championship, WWE United States Championship, WWF European Championship, WWF Hardcore Championship, WWE Tag Team Championships, WWE World Tag Team Championships Chris Jericho
88%
AEW World Championship, ROH World Championship, ROH Tag Team Championships, WWE Championship, World Heavyweight Championship, ECW Championship, WWE Intercontinental Championship, WWE World Tag Team Championships CM Punk
86%
AEW World Championship, AEW International Championship, WWE Championship, WWE Intercontinental Championship, WWE United States Championship, WWE RAW Tag Team Championships Jon Moxley
79%
AEW TNT Championship, AEW World Championship, ROH Pure Championship, ROH World Championship, ROH World Television Championship, NXT Championship, WWE United States Championship Samoa Joe
79%
AEW TNT Championship, AEW World Trios Championships, World Heavyweight Championship, ECW Championship, WWE Intercontinental Championship, WWF European Championship, WWF Hardcore Championship, WWF Light Heavyweight Championship, World Tag Team Championships Christian Cage
73%
AEW TNT Championship, ROH World Championship, ROH World Six-Man Tag Team Championships, Undisputed WWE Championship, WWE Intercontinental Championship, WWE Tag Team Championships, Undisputed WWE Tag Team Championships Cody Rhodes
73%
ROH World Championship, ROH World Television Championship, ROH World Tag Team Championships, NXT Championship, NXT North American Championship, NXT Tag Team Championships Adam Cole
69%
AEW World Championship, ROH Pure Championship, ROH World Championship, WWE Championship, World Heavyweight Championship, WWE Intercontinental Championship, WWE United States Championship, WWE Tag Team Championships, WWE Smackdown Tag Team Championships Bryan Danielson
69%
AEW World Trios Championships, ROH World Championship, ROH World Tag Team Championships, WWE United States Championship, WWE RAW Tag Team Championships, WWE Smackdown Tag Team Championships Claudio Castagnoli
69%
AEW All-Atlantic Championship, AEW World Trios Championships, WWE Cruiserweight Championship, NXT Championship, NXT Tag Team Championships Pac
68%
AEW TNT Championship, WWE Championship, World Heavyweight Championship, WWE Intercontinental Championship, WCW United States Championship, World Tag Team Championships, WWE Tag Team Championships Adam Copeland
65%
ROH World Tag Team Champions, ROH World Six-Man Tag Team Championships, WWF Intercontinental Championship, World Tag Team Championships, WWE Tag Team Championships, WWF Hardcore Championship Dustin Rhodes
63%
AEW International Championship, ROH World Championship, ROH World Tag Team Championships, ROH World Television Championship, NXT Cruiserweight Championship, NXT North American Championship, NXT Tag Team Championships Roderick Strong
60%
AEW World Tag Team Championships, NXT Championship, NXT North American Championship Keith Lee
57%
AEW World Championship, AEW World Tag Team Championships, NXT North American Championship Swerve Strickland
55%
AEW World Trios Championships, NXT Championship Malakai Black
54%
ROH World Championship, ROH World Tag Team Championships, NXT Tag Team Championships Kyle O'Reilly
52%
AEW TNT Championship, WWE Intercontinental Championship, WWE Smackdown Tag Team Championships, NXT Tag Team Championships Mr. Brodie Lee
52%
AEW Women's World Championship, NXT UK Women's Championship Toni Storm
52%
AEW World Championship, AEW World Tag Team Championships, ROH World Six-Man Tag Team Championships "Hangman" Adam Page
51%
ROH World Tag Team Championships, WWE Championship, World Heavyweight Championship, WWE Intercontinental Championship, WWE European Championship, WWE United States Championship, WWE Hardcore Championship, WWF Light Heavyweight Championship, WWE Smackdown Tag Team Championships, WWE Raw Tag Team Championships, World Tag Team Championships, WCW Tag Team Championships Jeff Hardy
50%
ROH World Tag Team Championships, ECW Championship, WWF Hardcore Championship, WWF European Championship, WWE United States Championship, WWE Cruiserweight Championship, World Tag Team Championships, WWE Smackdown Tag Team Championships, WWE Tag Team Championships, WCW Tag Team Championships Matt Hardy
50%
AEW Women's World Championship, NXT Women's Championship, WWE Divas Championship Saraya
49%
ROH World Championship, ROH Tag Team Championships, WWE Championship, WWE World Heavyweight Championship, WWE Intercontinental Championship, WWE United States Championship, WWE Tag Team Championships Seth Rollins
46%
AEW World Trios Championships, WWE Cruiserweight Championship, WWE RAW Tag Team Championships, NXT Tag Team Championships Buddy Matthews
45%
ROH World Championship, ROH World Tag Team Championships, NXT Championship, WWE Universal Championship, WWE Intercontinental Championship, WWE RAW Tag Team Championships, WWE Smackdown Tag Team Championships, WWE United States Championship Kevin Owens
45%
AEW World Trios Championships, WWF Hardcore Championship, WWF Intercontinental Championship, WWE Tag Team Championships, WWF Tag Team Championships Billy Gunn
44%
AEW World Tag Team Championships, ROH World Tag Team Championships, WWE 24/7 Championship, WWE RAW Tag Team Championships, WWE Smackdown Tag Team Championships, NXT Tag Team Championships Cash Wheeler
44%
AEW TNT Championship, WWE United States Championship Miro
44%
ROH World Television Championship, ROH World Tag Team Championships, NXT Championship, WWE Intercontinental Championship, Undisputed WWE Tag Team Championships Sami Zayn
42%
AEW World Championship, AEW American Championship, ROH World Tag Team Championships MJF
39%
AEW World Tag Team Championships, ROH World Tag Team Championships, WWE 24/7 Championship, WWE RAW Tag Team Championships, WWE Smackdown Tag Team Championships, NXT Tag Team Championships Dax Harwood
37%
AEW World Tag Team Championships, AEW World Trios Championships, ROH World Six-Man Tag Team Championships Austin Gunn
36%
AEW World Tag Team Championships, AEW World Trios Championships, ROH World Six-Man Tag Team Championships Colten Gunn
36%
AEW World Tag Team Championships, AEW World Trios Championships, ROH World Six-Man Tag Team Championships, ROH World Tag Team Championships Matt Jackson
36%
AEW World Tag Team Championships, AEW World Trios Championships, ROH World Six-Man Tag Team Championships, ROH World Tag Team Championships Nick Jackson
36%
ROH World Television Championship, ROH World Tag Team Championships, NXT Tag Team Championships Bobby Fish
33%
AEW World Trios Championships, ROH World Six-Man Tag Team Championships, ROH World Tag Team Championships Brody King
33%
AEW World Tag Team Championships, AEW World Trios Championships, ROH World Tag Team Championships Penta El Cero Miedo
32%
ROH Pure Championship, WWE Championship, WWE Intercontinental Championship, WWE United States Championship, WWE RAW Tag Team Championships AJ Styles
31%
AEW International Championship, AEW World Tag Team Championships, AEW World Trios Championships, ROH World Tag Team Championships Rey Fenix
31%
ROH Women's World Championship, NXT Women's Championship, NXT Women's Tag Team Championships Athena
30%
AEW Continental Championship, ROH World Championship Eddie Kingston
26%
AEW World Trios Championships, ROH Pure Championship Wheeler Yuta
23%
AEW TNT Championship, AEW World Tag Team Championships, ROH World Tag Team Championships, ROH World Six-Man Tag Team Championships Scorpio Sky
21%
ROH World Tag Team Championships, WWE 24/7 Championship, WWE Intercontinental Championship, WWE United States Championship, WWE Tag Team Championships Shelton Benjamin
21%
AEW International Championship, ROH World Television Championship Will Ospreay
21%
AEW World Tag Team Championships, ROH World Six-Man Tag Team Championships, ROH World Tag Team Championships Frankie Kazarian
18%
ROH World Championship, WWE Cruiserweight Championship Jamie Noble
18%
ROH World Championship, WWF Light Heavyweight Championship Jerry Lynn
17%
AEW World Trios Championships, ROH World Six-Man Tag Team Championships Jay White
13%
AEW TNT Championship, ROH World Tag Team Championships Sammy Guevara
13%
ROH World Television Championship, NXT Championship, NXT Tag Team Championships, WWE Tag Team Championships Tommaso Ciampa
13%
ROH World Television Championship, WWE World Heavyweight Championship, WWE United States Championship, Undisputed WWE Tag Team Championships Damian Priest
11%
ROH World Tag Team Championships, NXT Tag Team Championships, WWE 24/7 Championship, WWE RAW Tag Team Championships Erik
8%
ROH World Television Championship, NXT Cruiserweight Championship KUSHIDA
8%
ROH World Tag Team Championships, WWE 24/7 Championship Mike Bennett
8%
ROH Women's World Championship, NXT Women's Championship, NXT Women's Tag Team Championships Roxanne Perez
8%
ROH World Six-Man Tag Team Championships, WWE Hardcore Championship, World Tag Team Championships, WWE Tag Team Championships, WCW Tag Team Championships Bully Ray
7%
ROH World Tag Team Championships, NXT Tag Team Championships, WWE RAW Tag Team Championships Ivar
7%
ROH World Championship, ROH World Six-Man Tag Team Championships, ROH World Tag Team Championships, WWF Tag Team Championships PCO
5%
ROH World Tag Team Championships, WWE Tag Team Championships Matt Sydal
4%
ROH World Tag Team Championships, WWE Tag Team Championships Charlie Haas
2%
ROH World Tag Team Championships, WWE Tag Team Championships Tama Tonga
1%
ROH World Tag Team Championships, WWE Tag Team Championships Tonga Loa
1%
No matching quizzes found
Score Distribution
Percent of People with Each Score
Percentile by Number Answered
Your Score History
You have not taken this quiz